000 00343pab a2200145 454500
008 180718b1988 xxu||||| |||| 00| 0 eng d
100 _aBagchi, Amiya Kumar
245 _aHistoricizing the problems of socialism
260 _c1988
300 _a63-8
362 _aOct.
650 _aSocialism
773 _aSocial Scientist
909 _a18382
999 _c18382
_d18382